Statistics for April Fool's - France Edition

Click here to take the quiz!

General Stats

  • This quiz has been taken 18 times
  • The average score is 9 of 12

Answer Stats

HintAnswer% Correct
This building can be seen from anywhere in ParisEiffel Tower
93%
What is the sole color on the French national flag?White
93%
Which French emperor was of small stature?Napoleon Bonaparte
87%
When Germany attacked during this war, France immediately surrenderedWorld War II
87%
In 1789, the lower classes stormed this building, thereby abolishing the monarchyBastille
80%
The cooked legs of which animal are considered a very common meal in France?Frogs
80%
Which kind of headgear is regularly worn by most French men?Beret
67%
Most French people (especially waiters) detest the usage of this languageEnglish
67%
All French bathrooms have theseBidets
60%
Which queen famously said, "Let them eat cake"?Marie Antoinette
60%
Which country is so hated by the French that they refused to join it in the Iraq War?the United States
60%
Which kind of food is virtually nonexistent in France?Fast food
20%

Score Distribution

Percentile by Number Answered

Percent of People with Each Score

Your Score History

You have not taken this quiz